000 00423nam a2200205Ia 4500
001 13182
003 GE_BSU
008 181216s||||||||xx |||||||||||||| ||und||
020 _a0552141550
040 _cGE_BSU
080 _a821.111-32
100 _aCookson,Catherine.
245 _aRiley.
260 _aLondon.
260 _bCorgi Books.
260 _c1998
300 _a570p;18cm.
653 _aRiley.
942 _cBK
999 _c46346
_d46346